The Future of Nothingness: Plastic Apocalypticism or an Insistent Messianic?
Tentatively emerging from a global pandemic, we are confronted with a horizon of immanent adversities: (1) the closing window for altering the trajectory of our climate crisis, (2) the political antagonisms that exacerbate greater polarization, and (3) the effects of late-stage capitalism that servi...
| Main Author: | |
|---|---|
| Format: | Electronic Article |
| Language: | English |
| Check availability: | HBZ Gateway |
| Interlibrary Loan: | Interlibrary Loan for the Fachinformationsdienste (Specialized Information Services in Germany) |
| Published: |
2022
|
| In: |
Stellenbosch theological journal
Year: 2022, Volume: 8, Issue: 1, Pages: 1-24 |
| RelBib Classification: | CG Christianity and Politics FA Theology KAJ Church history 1914-; recent history NBQ Eschatology VA Philosophy |
| Further subjects: | B
Apocalypticism
B Catherine Malabou B John D. Caputo B Negative Political Theology |
| Online Access: |
Volltext (kostenfrei) Volltext (kostenfrei) |
MARC
| LEADER | 00000caa a22000002c 4500 | ||
|---|---|---|---|
| 001 | 1907571981 | ||
| 003 | DE-627 | ||
| 005 | 20241220171139.0 | ||
| 007 | cr uuu---uuuuu | ||
| 008 | 241105s2022 xx |||||o 00| ||eng c | ||
| 024 | 7 | |a 10.17570/stj.2022.v8n1.a13 |2 doi | |
| 035 | |a (DE-627)1907571981 | ||
| 035 | |a (DE-599)KXP1907571981 | ||
| 040 | |a DE-627 |b ger |c DE-627 |e rda | ||
| 041 | |a eng | ||
| 084 | |a 1 |2 ssgn | ||
| 100 | 1 | |e VerfasserIn |0 (DE-588)1154808653 |0 (DE-627)1016167202 |0 (DE-576)501239723 |4 aut |a Ullrich, Calvin D. |d 1990- | |
| 109 | |a Ullrich, Calvin D. 1990- |a Ullrich, Calvin Dieter 1990- | ||
| 245 | 1 | 4 | |a The Future of Nothingness: Plastic Apocalypticism or an Insistent Messianic? |
| 264 | 1 | |c 2022 | |
| 336 | |a Text |b txt |2 rdacontent | ||
| 337 | |a Computermedien |b c |2 rdamedia | ||
| 338 | |a Online-Ressource |b cr |2 rdacarrier | ||
| 520 | |a Tentatively emerging from a global pandemic, we are confronted with a horizon of immanent adversities: (1) the closing window for altering the trajectory of our climate crisis, (2) the political antagonisms that exacerbate greater polarization, and (3) the effects of late-stage capitalism that service these first two interconnected configurations. Far from indulging a doomsday pessimism or comfortable misanthropy, this article pursues two continental philosophers, situating them within the tradition of "negative political theology" to think through a future of nothingness. Developing and then distinguishing between what is called the "plastic apocalypticism" of the philosopher Catherine Malabou, which thinks the end of the world as such, and an "insistent messianic" of the radical theologian, John D. Caputo, which takes the end of the world as the condition for saving it, an argument is made in favour of a mutual compatibility - recognizing the passing away of this world, its absolute contingency, but also the "event" of God's insistence. This messianic insistence and plastic revelation both resist divine intervention and instead look toward the formation of a new future, just as such a future (of nothingness) is the condition for the persistent interrogative of all concrete political arrangements. | ||
| 650 | 4 | |a Apocalypticism | |
| 650 | 4 | |a Catherine Malabou | |
| 650 | 4 | |a John D. Caputo | |
| 650 | 4 | |a Negative Political Theology | |
| 652 | |a CG:FA:KAJ:NBQ:VA | ||
| 773 | 0 | 8 | |i Enthalten in |t Stellenbosch theological journal |d Stellenbosch : Stellenbosch University, 2015 |g 8(2022), 1, Seite 1-24 |h Online-Ressource |w (DE-627)868288934 |w (DE-600)2868716-4 |w (DE-576)477219799 |x 2413-9467 |7 nnas |
| 773 | 1 | 8 | |g volume:8 |g year:2022 |g number:1 |g pages:1-24 |
| 856 | |u https://ojs.reformedjournals.co.za/index.php/stj/article/download/2392/3328 |x unpaywall |z Vermutlich kostenfreier Zugang |h publisher [deprecated] | ||
| 856 | 4 | 0 | |u https://doi.org/10.17570/stj.2022.v8n1.a13 |x Resolving-System |z kostenfrei |3 Volltext |7 0 |
| 856 | 4 | 0 | |u https://ojs.reformedjournals.co.za/stj/article/view/2392 |x Verlag |z kostenfrei |3 Volltext |7 0 |
| 951 | |a AR | ||
| ELC | |a 1 | ||
| LOK | |0 000 xxxxxcx a22 zn 4500 | ||
| LOK | |0 001 4609995018 | ||
| LOK | |0 003 DE-627 | ||
| LOK | |0 004 1907571981 | ||
| LOK | |0 005 20241105112956 | ||
| LOK | |0 008 241105||||||||||||||||ger||||||| | ||
| LOK | |0 040 |a DE-Tue135 |c DE-627 |d DE-Tue135 | ||
| LOK | |0 092 |o n | ||
| LOK | |0 852 |a DE-Tue135 | ||
| LOK | |0 852 1 |9 00 | ||
| LOK | |0 935 |a ixzs |a ixzo | ||
| LOK | |0 936ln |0 1442052449 |a NBQ | ||
| LOK | |0 936ln |0 1442043911 |a CG | ||
| LOK | |0 936ln |0 1442053844 |a VA | ||
| LOK | |0 936ln |0 1442044020 |a FA | ||
| LOK | |0 936ln |0 1442044640 |a KAJ | ||
| LOK | |0 939 |a 05-11-24 |b l01 | ||
| OAS | |a 1 | ||
| ORI | |a SA-MARC-ixtheoa001.raw | ||
| REL | |a 1 | ||
| SUB | |a REL | ||



